00943 2200289 4500001002100000005001500021035002000036007000300056008004100059040002100100100006500121245011900186300004900305020002200354082001200376084001400388090002200402250003000424264003900454336002100493337003000514338002300544650003000567850001200597999002200609990002200631INLIS00000000087699920230309015904 a0010-0323000266ta230309s2019 yoia g ind d aYOPDOGbinderda0 aDinar Puspita DewiepengarangeDinar Puspita Dewiepengarang10aPreservasi naskah kuno :bStudi pada perpustakaan reksa pustaka pura mangkunegaran Surakarta /cDinar Puspita dewi axiv, 168 halaman :bgambar, tabel ;c20,5 cm a978-602-5552-44-104223a091 a091 DIN p aCB-D.11 2019-4397 aCetakan Pertama, Mei 201931aBantul :bAzyan Mitra Media,c2019 2rdacontentateks 2rdamediaatanpa perantara 2rdacarrieravolume 4aNaskah Kuno--xPreservasi aYOPDYOG aCB-D.11/2019-4397 aCB-D.11/2019-4397